Smart choice 2 student book / student book 2

Đã lưu trong:
書目詳細資料
主要作者: Wilson,Ken
格式: 圖書
出版: Oxford : New York. 2007
主題:
標簽: 添加標簽
沒有標簽, 成為第一個標記此記錄!
Thư viện lưu trữ: Mạng thư viện Đại học Đà Nẵng
LEADER 00866nam a22002651a 4500
001 000038162
003 14457
005 20241010092418.0
008 160412s2007 000
020 |a 9780194305631 
082 |a 428  |b WI-K 
100 |a Wilson,Ken 
245 0 |a Smart choice 2 student book /  |c Ken Wilson  |n student book 2 
260 |c 2007  |a Oxford :  |b New York. 
300 |a 136tr. :  |b ill. ;  |c 30 cm. 
653 0 |a Smart choice 
OWN |a LNN 
AVA |a UDN50  |b LNN  |c English  |d 428WI-K  |e available  |t Error 5001 Not defined in file expand_doc_bib_avail.  |f 2  |g 0  |h N  |i 0  |j AN 
999 |a From the UDN01 
AVA |a UDN50  |b LNN  |c English  |d 428WI-K  |e available  |t Error 5001 Not defined in file expand_doc_bib_avail.  |f 2  |g 0  |h N  |i 0  |j AN 
TYP |a Monograph 
980 |a Mạng thư viện Đại học Đà Nẵng